Λογική και ευαισθησία
Αποθηκεύτηκε σε:
| Κύριος συγγραφέας: | |
|---|---|
| Άλλοι συγγραφείς: | |
| Μορφή: | Βιβλίο |
| Γλώσσα: | Greek English |
| Δημοσίευση: |
Αθήνα :
Elxis,
c2021.
|
| Σειρά: | Κλασσικά
|
| Θέματα: | |
| Ετικέτες: |
Προσθήκη ετικέτας
Δεν υπάρχουν, Καταχωρήστε ετικέτα πρώτοι!
|
MARC
| LEADER | 00000cam a2200000 a 4500 | ||
|---|---|---|---|
| 001 | 1/123292 | ||
| 008 | 210629t2021####gr | ||| |||| ||gre|| | ||
| 020 | |a 9786185543327 |q (χαρτόδετο) | ||
| 040 | |a GR-MyUa |b gre |c GR-MyUa |e AACR2 | ||
| 041 | 1 | |a gre |h eng | |
| 082 | 7 | |a 823.92 |2 (23) | |
| 100 | 1 | |a Austen, Jane, |d 1775-1817, |e aut | |
| 245 | 1 | 2 | |a Λογική και ευαισθησία / |c Jane Austen, μετάφραση Ουρανία Τουτουντζή. |
| 260 | |a Αθήνα : |b Elxis, |c c2021. | ||
| 300 | |a 502 σ.: |c 21 εκ. | ||
| 650 | 0 | |a English fiction |y 19th century. | |
| 700 | 1 | |a Τουτουντζή, Ουρανία, |e trlf | |
| 830 | 0 | |a Κλασσικά | |
| 852 | |a INST |b CHIOS |e 20210629 |h 823.92 AUS |p 005200039667 |q 005200039667 |t BK |y 0 | ||
| 970 | |a Παροικάκη |b Βασιλική |z 29/06/2021 | ||